| 000 | 00507nam a2200217Ia 4500 | ||
|---|---|---|---|
| 008 | 210210b1964 xxu||||| |||| 00| 0 eng d | ||
| 041 | _aeng | ||
| 082 | _a425/256 | ||
| 100 | _aREGO ( A G) | ||
| 245 | _aAids to English composition Part IV grammar | ||
| 260 |
_aAllahabad _bSt Paul Publications _c1964 |
||
| 650 | _ato | ||
| 650 | _aPart | ||
| 650 | _aIV | ||
| 650 | _agrammar | ||
| 650 | _aEnglish | ||
| 650 | _acomposition | ||
| 650 | _aAids | ||
| 690 | _aEnglish Language | ||
| 906 | _a006032 | ||
| 999 |
_c129020 _d129020 |
||